Use of baits and preservatives in pitfall traps (Registro nro. 11449)

Detalles MARC
000 -CABECERA
Campo de control 005380000a22001810004500
090 ## - CLASIFICACIÓN LOCAL
Colección AR
Consecutivo 02378
041 0# - IDIOMA
Código de idioma para texto/pista de sonido o título separado
100 1# - ASIENTO PRINCIPAL--NOMBRE PERSONAL
Nombre personal Greensalade, Penelope
245 10 - MENCION DE TITULO
Título Use of baits and preservatives in pitfall traps
650 14 - ASIENTO SECUNDARIO DE MATERIA - TERMINO TEMATICO
Término temático o nombre geográfico como elemento de entrada Entomología
650 14 - ASIENTO SECUNDARIO DE MATERIA - TERMINO TEMATICO
Término temático o nombre geográfico como elemento de entrada Métodos de muestreo
650 14 - ASIENTO SECUNDARIO DE MATERIA - TERMINO TEMATICO
Término temático o nombre geográfico como elemento de entrada Hormigas
650 14 - ASIENTO SECUNDARIO DE MATERIA - TERMINO TEMATICO
Término temático o nombre geográfico como elemento de entrada Trampas
651 #4 - ASIENTO SECUNDARIO DE MATERIA - NOMBRE GEOGRAFICO
-- Isla Solomon
-- Australia
700 1# - ASIENTO SECUNDARIO - NOMBRE PERSONAL
Nombre personal Greensalade, P. J. M.
773 1# - Item fuente:
Título Journal Aust. ent. Soc.
Especificación de materiales 1226
Paginas del Articulo 253-260
Lugar, editorial y fecha de publicación 1971
Información sobre la relación 10
942 ## - ELEMENTOS ADICIONALES (KOHA)
Tipo de ítem Artículo
Existencias
Withdrawn status Lost status Damaged status No para préstamo Colección Ubicación Permanente Ubicación actual Fecha de adquisición Fuente de Valor Datos de publicación Seriada Total Checkouts Número topográfico Inventario / Código de Barras Date last seen Ejemplar Price effective from Forma de adquisición Tipo de material
      No para Préstamo Hemeroteca Bogotá Bogotá 27/02/2015 Ferreira Miani, Paola Fuera de circulación   AR 02378 012788 25/03/2015 1 25/03/2015   Artículo